Synthesis of some new heterocyclic compounds incorporated to quinoline with expected biological activity / (رقم التسجيلة. 179733)

تفاصيل مارك
000 -LEADER
fixed length control field 01571namaa22003371i 4500
005 - أخر تعامل مع التسجيلة
control field 20260426130714.0
008 - FIXED-LENGTH DATA ELEMENTS--GENERAL INFORMATION
fixed length control field 260426s1994 ua a|||frm||| 000 0 eng d
040 ## - CATALOGING SOURCE
Original cataloguing agency EG-GICUC
Transcribing agency EG-GICUC
Modifying agency EG-GICUC
Description conventions rda
041 0# - LANGUAGE CODE
Language code of text/sound track or separate title eng
Language code of summary or abstract eng
-- ara
049 ## - Acquisition Source
Acquisition Source Deposit
097 ## - Degree
Degree M.Sc
099 ## - LOCAL FREE-TEXT CALL NUMBER (OCLC)
Local Call Number Cai01.12.07.M.Sc.1994.Ah.S
100 0# - MAIN ENTRY--PERSONAL NAME
Authority record control number or standard number Ahmed Farouk Eweas Abd-El Kader,
Preparation preparation.
245 10 - TITLE STATEMENT
Title Synthesis of some new heterocyclic compounds incorporated to quinoline with expected biological activity /
Statement of responsibility, etc. By Ahmed Farouk Eweas Abd-El Kader ; Supervised Prof. Dr. Abdel-Samea M. Abdel-Fattah, Dr. Emad M.M. Kassem, Dr. Omar A. Fatthalla, Dr. Maha Z. Rizk
246 15 - VARYING FORM OF TITLE
Title proper/short title تشيد بعض المركبات الحلقية الغير متجانسة المرتبطة بالكينولين والمتوقع لها فاعلية بيولوجية
264 #0 - PRODUCTION, PUBLICATION, DISTRIBUTION, MANUFACTURE, AND COPYRIGHT NOTICE
Date of production, publication, distribution, manufacture, or copyright notice 1994.
300 ## - PHYSICAL DESCRIPTION
Extent 98 Leaves
Other physical details illustrations
Dimensions 30 cm. +
336 ## - CONTENT TYPE
Source rda content
Content type term text
337 ## - MEDIA TYPE
Source rdamedia
Media type term Unmediated
338 ## - CARRIER TYPE
Source rdacarrier
Carrier type term volume
502 ## - DISSERTATION NOTE
Dissertation note Thesis (M.Sc.)-Cairo University, 1995
504 ## - BIBLIOGRAPHY, ETC. NOTE
Bibliography, etc. note Bibliography: pages 88-98
653 #0 - INDEX TERM--UNCONTROLLED
Uncontrolled term new heterocyclic compounds
700 0# - ADDED ENTRY--PERSONAL NAME
Personal name Abdel-Samea M. Abdel-Fattah
Relator term thesis advisor.
700 0# - ADDED ENTRY--PERSONAL NAME
Personal name Emad M.M. Kassem
Relator term thesis advisor.
700 0# - ADDED ENTRY--PERSONAL NAME
Personal name Omar A. Fatthalla
Relator term thesis advisor.
700 0# - ADDED ENTRY--PERSONAL NAME
Personal name Maha Z. Rizk
Relator term thesis advisor.
900 ## - Thesis Information
Department Department of Chemistry
Faculties Faculty of Science
Universities Cairo University
Grant date 1994
Supervisory body Abdel-Samea M. Abdel-Fattah
-- Emad M.M. Kassem
-- Omar A. Fatthalla
-- Maha Z. Rizk
905 ## - Cataloger and Reviser Names
Cataloger Name Nehad
942 ## - ADDED ENTRY ELEMENTS (KOHA)
Source of classification or shelving scheme Dewey Decimal Classification
Koha item type Thesis
Edition 21
Suppress in OPAC No
المقتنيات
Source of classification or shelving scheme Home library Current library Date acquired Inventory number Full call number Barcode Date last seen Effective from Koha item type
Dewey Decimal Classification المكتبة المركزبة الجديدة - جامعة القاهرة مكتبة المئوية 26.04.2026 26378 Cai01.12.07.M.Sc.1994.Ah.S 01010110026378000 26.04.2026 26.04.2026 Thesis
Cairo University Libraries Portal Implemented & Customized by: Eng. M. Mohamady Contacts: new-lib@cl.cu.edu.eg | cnul@cl.cu.edu.eg
CUCL logo CNUL logo
© All rights reserved — Cairo University Libraries
CUCL logo
Implemented & Customized by: Eng. M. Mohamady Contact: new-lib@cl.cu.edu.eg © All rights reserved — New Central Library
CNUL logo
Implemented & Customized by: Eng. M. Mohamady Contact: cnul@cl.cu.edu.eg © All rights reserved — Cairo National University Library